[Event "17th Asian Continental-ch Open 2018"]
[Site "Makati City"]
[Date "2018.12.10"]
[Round "1.1"]
[White "Wang, Hao"]
[Black "Taher, Yoseph Theolifus"]
[Result "1/2-1/2"]
[WhiteElo "2730"]
[BlackElo "2454"]
[Annotator "TA"]
[PlyCount "108"]
[EventDate "2018.12.07"]
[EventType "swiss"]
[EventRounds "9"]
[EventCountry "PHI"]

{[%evp 26,108,23,15,15,16,20,22,31,19,21,12,24,0,0,-18,-12,-24,0,0,-14,-6,-16,-25,32,19,68,-8,41,47,39,26,56,0,0,0,0,0,0,-17,-8,-17,-17,-12,0,0,0,0,0,0,0,0,0,0,0,0,0,0,0,0,0,0,0,0,0,0,0,0,0,0,5,0,0,0,0,0,0,0,0,0,0,0,0,0,0]} 1. e4 e5 2. Bc4 Nf6 3. d3 d6 4. Nf3 Be7 5. O-O O-O 6. Re1 c6 7. c3 Bg4 8. h3 Bh5 9. Bb3 Nbd7 10. Nbd2 {[%cal Bb1d2,Bd2f1,Bf1g3][%mdl 32]} Re8 {C24: Bishop's Opening: 2...Nf6} (10... Nc5 11. Bc2 Qc7 12. Nf1 Rfe8 13. Ng3 Bg6 14. Nh4 Ne6 15. Nhf5 Bf8 16. Qf3 d5 17. Be3 Rad8 18. Rad1 {½-½ (38) Asrian,K (2635)-Frolyanov,D (2525) Dresden 2007}) 11. Nf1 Bf8 12. Ng3 Bg6 13. Nh4 Nc5 14. Bc2 {LiveBook: 3 Games} d5 15. Qf3 dxe4 16. dxe4 Ne6 17. Nhf5 Qc7 18. Nh6+ Kh8 19. Ng4 Nxg4 $146 20. hxg4 f6 21. Nf5 Rad8 22. g3 a5 23. Kg2 Bc5 24. Rh1 Rd7 (24... Ng5 $11 25. Qe2 Bf7) 25. Bb3 $14 Ng5 {[#]} 26. Qe2 ({White should play} 26. Nh4 $1 $14 {[%mdl 512]} Bf7 27. Qf5 Bxb3 28. axb3) 26... b6 27. a4 Bf7 28. Bxf7 Rxf7 29. f3 (29. Qc4 $14) 29... Rd7 $11 {The position is equal.} 30. Bd2 Red8 31. Rad1 Nf7 32. b4 Bf8 33. bxa5 bxa5 34. Bc1 Rxd1 35. Rxd1 Rxd1 36. Qxd1 g6 37. Ne3 Bc5 38. Nc4 Kg7 39. Qd3 Qa7 40. Bd2 Qc7 41. Kf1 Qa7 42. Ke2 Qc7 43. Kd1 Qa7 44. Kc2 Qc7 45. f4 Qc8 46. fxe5 fxe5 47. g5 Qe6 48. Kb1 Bb6 {[%mdl 64] [#] Decoy} 49. Nxb6 Qb3+ {[%mdl 64] Double Attack} 50. Kc1 {Strongly threatening Qe3.} Qxb6 51. Qc4 Nd6 52. Qe6 {[%mdl 64] Double Attack} Qc5 53. Qe7+ Kg8 54. Qe6+ Kg7 {Accuracy: White = 66%, Black = 69%.} 1/2-1/2

[Event "17th Asian Continental-ch Open 2018"]
[Site "Makati City"]
[Date "2018.12.10"]
[Round "1.2"]
[White "Gomez, John Paul"]
[Black "Wei, Yi"]
[Result "0-1"]
[WhiteElo "2450"]
[BlackElo "2728"]
[Annotator "TA"]
[PlyCount "67"]
[EventDate "2018.12.07"]
[EventType "swiss"]
[EventRounds "9"]
[EventCountry "PHI"]

{[%evp 21,67,0,3,0,23,27,25,-12,8,0,26,27,20,27,65,23,45,48,45,30,33,0,17,11,14,-55,-54,-57,-58,-60,0,0,0,0,0,0,0,-690,-697,-677,-648,-904,-891,-1016,-754,-1008,-958,-969]} 1. d4 Nf6 2. c4 e6 3. Nc3 Bb4 4. Bd2 O-O 5. a3 Bxc3 6. Bxc3 b6 7. Nf3 Bb7 8. g3 Ne4 9. Rc1 d6 10. Bg2 Nd7 11. O-O a5 12. d5 $146 {E16: Queen's Indian: 4 g3 Bb7 5 Bg2 Bb4+} ({Predecessor:} 12. Nd2) 12... e5 13. Be1 f5 14. Nd2 {White has an edge.} Nef6 15. Qc2 g6 16. e4 f4 17. b4 Ra7 18. Bh3 axb4 19. axb4 Nh5 20. Nf3 Bc8 21. Be6+ Kh8 22. Bc3 Ndf6 23. Ra1 (23. Ng5 $11) 23... Rxa1 $15 24. Rxa1 Bxe6 25. dxe6 Qe7 ({Better is} 25... fxg3 $15 26. fxg3 (26. hxg3 Ng4 $17) 26... Qe7) 26. Ra7 $1 $11 {And now c5! would win.} fxg3 27. hxg3 {c5! is the strong threat.} Qxe6 28. Rxc7 {Hoping for c5.} Nf4 29. gxf4 $4 {[%mdl 8192]} (29. c5 $11 bxc5 30. bxc5) 29... Qg4+ $19 {[%mdl 64] [#] Double Attack. Black is clearly winning.} 30. Kf1 Qxf3 31. fxe5 dxe5 {aiming for ...Ng4.} (31... Nxe4 32. Bd4 $17) 32. Re7 Qh1+ 33. Ke2 Ng4 34. Bxe5+ {Accuracy: White = 40%, Black = 61%.} 0-1

[Event "17th Asian Continental-ch Open 2018"]
[Site "Makati City"]
[Date "2018.12.10"]
[Round "1.3"]
[White "Le, Quang Liem"]
[Black "Bersamina, Paulo"]
[Result "0-1"]
[WhiteElo "2714"]
[BlackElo "2444"]
[Annotator "TA"]
[PlyCount "72"]
[EventDate "2018.12.07"]
[EventType "swiss"]
[EventRounds "9"]
[EventCountry "PHI"]

{[%evp 19,72,-16,0,-43,-46,-58,-56,-49,-51,-43,22,1,0,0,0,-4,-8,-19,-14,-29,0,-23,-16,-35,0,0,0,-49,0,0,0,-30,-26,-61,0,-71,-73,-66,-49,-64,-66,-94,-16,0,-15,-29,204,0,60,-704,-705,-29993,-29994,-29994,-29995]} 1. e4 e5 2. Nf3 Nc6 3. Bc4 Bc5 4. d3 Nf6 5. h3 h6 (5... d6 6. c3 a6 7. Nbd2 O-O 8. Bb3 Ba7 9. Nf1 Ne7 10. Ng3 Ng6 11. O-O Be6 12. Bc2 c5 13. Re1 h6 14. Bd2 Qd7 15. Qc1 Rfe8 16. a4 a5 17. c4 {½-½ (26) Wei,Y (2706)-Bu,X (2698) Shenzhen 2016}) 6. Nbd2 {[%cal Bb1d2,Bd2f1,Bf1g3,Bg3h5][%mdl 32] C50: Hungarian Defence and Giuoco Pianissimo} a6 7. c3 d6 8. Bb3 Be6 9. Bc2 Ba7 10. Nf1 d5 {LiveBook: 20 Games} 11. exd5 Nxd5 12. Ng3 Qd7 $146 ({Predecessor:} 12... O-O 13. O-O Qf6 14. Nh5 Qe7 15. Re1 {½-½ (47) Gomez Barrera,G (1883)-Benitez Galeano,A (2139) Asuncion 2018}) 13. O-O O-O-O 14. Re1 Nf4 (14... f6 $15) 15. Bxf4 (15. d4 {seems wilder.} Nxg2 16. Kxg2 exd4 17. Nxd4 Nxd4 18. cxd4 Bxh3+ 19. Kh2) 15... exf4 16. Nh5 Bxh3 $1 {aiming for ...Qg4.} 17. Nxf4 Bg4 {Hoping for ...Qf5.} 18. d4 Qd6 19. Nd3 f6 20. Re4 h5 21. Qe2 Bf5 22. Re3 Bg4 23. Re4 Bf5 24. Re3 Bg4 25. Qf1 Ne7 {[%cal Bc6e7,Be7d5,Bd5f4][%mdl 32]} 26. Nd2 c6 (26... Nd5 $15 27. Ree1 Kb8) 27. Nc4 (27. Nb4 $11 {keeps the balance.}) 27... Qc7 $17 28. Nc5 Nd5 29. Re4 Kb8 30. Rae1 Ka8 ({Black should play} 30... Bf5 $1 $17 31. R4e2 (31. Ne6 Bxe6 32. Rxe6 c5 $15) 31... Bc8) 31. Ne3 $1 $36 {[%cal Re3d5][%mdl 2048] White has the initiative.} Nf4 32. Qc4 {Threatens to win with Nxa6!} Bb8 $2 {[#]} (32... Bc8 $11) 33. Nf1 $2 (33. Nxa6 $1 $18 {[%mdl 512]} Nh3+ (33... bxa6 34. Nxg4) 34. Kf1) 33... h4 {[#]} (33... Nd5 $11) 34. Re7 $2 {[%mdl 8192] [#]} (34. Nxa6 $1 $14 {[%mdl 512]} bxa6 35. Rxf4 $1 {[%mdl 512]}) 34... h3 $3 $19 {[%cal Bh4h3,Bh3g2][%mdl 544]} 35. Rxc7 hxg2 {[%csl Gg2][%cal Rh8h1]} 36. Nh2 {[#]} Bf3 $1 {Accuracy: White = 32%, Black = 54%.} 0-1

[Event "17th Asian Continental-ch Open 2018"]
[Site "Makati City"]
[Date "2018.12.10"]
[Round "1.4"]
[White "Pascua, Haridas"]
[Black "Vidit, Santosh Gujrathi"]
[Result "1/2-1/2"]
[WhiteElo "2442"]
[BlackElo "2701"]
[Annotator "TA"]
[PlyCount "70"]
[EventDate "2018.12.07"]
[EventType "swiss"]
[EventRounds "9"]
[EventCountry "PHI"]

{[%evp 14,70,41,15,25,22,18,14,9,8,13,14,22,17,17,25,37,37,54,46,43,20,13,13,21,21,14,12,0,0,27,25,53,20,17,0,0,0,0,0,0,0,10,10,129,129,122,74,114,81,116,122,252,125,126,0,275,0,125]} 1. d4 Nf6 2. c4 g6 3. g3 Bg7 4. Bg2 d5 5. cxd5 Nxd5 6. Nf3 O-O 7. O-O Nc6 8. Nc3 {LiveBook: 618 Games} Rb8 {D74: Fianchetto Grünfeld: Main Line (5 Nf3 0-0 6 cxd5 Nxd5 7 0-0)} (8... e5 9. Nxd5 e4 10. Nd2 Qxd5 11. e3 f5 12. b3 Be6 13. Ba3 Rfd8 14. Rc1 Qd7 15. Qc2 Rac8 16. Rfd1 {0-1 (91) Duda,J (2737)-Grischuk,A (2766) chess.com INT 2018}) 9. e3 Nxc3 $146 ({Predecessor:} 9... Nb6 10. b3 e5 11. Ba3 Re8 12. dxe5 Nxe5 13. Nxe5 Qxd1 14. Rfxd1 Bxe5 15. Rac1 c6 {1-0 (56) Minko,V (2252)-Bahlke,P (2013) Hofheim 2013}) 10. bxc3 b6 11. Qe2 Bb7 12. Rd1 Qd7 13. e4 Na5 14. Bf4 Rbc8 15. Rac1 e6 16. h4 h6 17. e5 c5 18. dxc5 {[%mdl 64] [#] Discovered Attack} Qa4 19. cxb6 axb6 20. Nh2 Bxg2 21. Kxg2 h5 22. Nf3 Qc4 23. Qe3 Qxa2 24. Bh6 Nc4 25. Qf4 $36 {[%mdl 2048] Threatens to win with Bxg7. Black is under pressure.} Bxh6 26. Qxh6 {[#] Threatening mate with Ng5.} Qa8 {And now ...Nxe5 would win.} 27. Qf4 Rc5 {White must now prevent ...Nxe5.} 28. Kg1 Qb8 (28... Rd8 $11) 29. Qh6 $16 {Ng5 would kill now.} Rxe5 30. Nxe5 Qxe5 31. Rd4 Qc7 32. Rcd1 Nb2 (32... Ne5 $16) 33. R1d2 (33. Rd7 $18 Qc8 34. R1d4) 33... Nc4 34. Rd1 (34. Rd7 $16 Qb8 35. Rd1) 34... Nb2 $1 $18 {[%cal Rb2d1]} 35. R1d2 (35. Rd7 $18 {is the precise move to win.} Qc8 36. R1d4) 35... Nc4 {Accuracy: White = 54%, Black = 50%.} 1/2-1/2

[Event "17th Asian Continental-ch Open 2018"]
[Site "Makati City"]
[Date "2018.12.10"]
[Round "1.5"]
[White "Adhiban, B.."]
[Black "Laylo, Darwin"]
[Result "1-0"]
[WhiteElo "2695"]
[BlackElo "2438"]
[Annotator "TA"]
[PlyCount "99"]
[EventDate "2018.12.07"]
[EventType "swiss"]
[EventRounds "9"]
[EventCountry "PHI"]

{[%evp 16,99,-30,-33,0,-23,6,-24,0,-30,-38,-104,-66,-81,-68,-75,-96,-135,-114,-105,-80,-71,-68,-108,-69,-83,-74,-70,-58,-56,0,0,0,0,0,-29,-27,-23,-4,-4,-9,-29,0,0,0,0,0,0,15,14,29,16,27,0,43,0,46,33,210,210,166,202,390,375,765,756,577,1245,1187,1232,1158,904,1698,2314,1635,1032,29978,29972,29977,29978,29982,29980,29983,29984,29992,29984]} 1. d4 Nf6 2. c4 g6 3. Nc3 d5 4. Nf3 Bg7 5. h4 (5. Qb3 dxc4 6. Qxc4 O-O 7. e4 Nc6 8. Be2 e5 9. d5 Nd4 10. Nxd4 exd4 11. Qxd4 c6 12. Qc4 b5 13. Qxc6 Bd7 14. Qd6 Re8 15. Bg5 b4 16. Qxb4 Nxd5 17. Nxd5 Qxg5 {½-½ (33) Vidit,S (2711)-Vachier Lagrave,M (2780) chess.com INT 2018}) 5... c6 6. Bg5 {D90: Grünfeld: 4 Nf3 Bg7 sidelines} dxc4 7. e4 b5 8. e5 Nd5 9. h5 {LiveBook: 9 Games} Bf5 10. h6 Bf8 11. Be2 $146 ({Predecessor:} 11. a4 b4 12. Nxd5 cxd5 {1-0 (51) Petersons,I (2316)-Procopi,J (2215) ICCF email 2014}) 11... Nd7 12. a4 b4 13. Nb1 (13. Nxd5 $15 cxd5 14. Nh4) 13... c3 14. bxc3 bxc3 15. Na3 f6 16. Bc1 e6 17. exf6 Qxf6 18. O-O Bb4 19. Ng5 O-O {Hoping for ...Bd6.} 20. g4 {[#]} c2 $1 {[%cal Rc2d1][%mdl 512]} 21. Nxc2 Nc3 22. Qd2 Nxe2+ (22... Bxc2 $1 $15 23. Qxc2 Nb6) 23. Qxe2 $11 Bxc2 $1 24. Qxc2 Qxd4 25. Qe4 (25. Qd1 {with more complications.} Qxd1 26. Rxd1 Ne5 27. Rb1 a5 28. Nxe6 Rf7 29. Ng5) 25... Qxe4 26. Nxe4 Nf6 (26... Ne5 {keeps more tension.} 27. g5 c5 28. Ra2 Nf3+ 29. Kg2 Ne1+) 27. Nxf6+ Rxf6 28. Be3 a5 29. Rac1 Rc8 30. Rfd1 Rf7 31. Kg2 e5 32. Rc4 Rb7 33. Rdc1 {[#]} c5 $1 {[%mdl 512]} 34. Kf3 (34. Bxc5 Rbc7) 34... Kf7 35. Ke4 Ke6 36. Rd1 $1 Rd7 $2 (36... Rf7 $14) 37. Rxd7 $18 Kxd7 {[%mdl 4096] Endgame [#] KRB-KRB} 38. Kd5 $1 Rf8 $2 (38... Rc6 39. Bxc5 Bd2) 39. Bxc5 Bxc5 $2 (39... Rb8 40. Kxe5 Be1) 40. Rxc5 Rxf2 41. Rxa5 {KR-KR} Ke7 42. Kxe5 Re2+ 43. Kf4 {Threatens to win with Re5+.} Kf6 44. Ra6+ Kf7 45. Ra7+ Kg8 46. a5 {White mates.} Ra2 47. Kg5 Rc2 48. Rg7+ Kh8 49. Rb7 Rc5+ 50. Kh4 {Accuracy: White = 55%, Black = 25%.} 1-0

[Event "17th Asian Continental-ch Open 2018"]
[Site "Makati City"]
[Date "2018.12.10"]
[Round "1.6"]
[White "Chen, Qi b"]
[Black "Maghsoodloo, Parham"]
[Result "0-1"]
[WhiteElo "2437"]
[BlackElo "2688"]
[Annotator "TA"]
[PlyCount "96"]
[EventDate "2018.12.07"]
[EventType "swiss"]
[EventRounds "9"]
[EventCountry "PHI"]

{[%evp 17,96,13,4,-66,-56,-89,-111,-96,-97,-65,-96,-69,0,0,0,0,0,0,4,0,35,18,36,30,135,-97,-91,-95,-64,-66,-69,-77,-68,-75,-68,-65,-105,-131,-103,-131,-135,-218,-96,-115,-121,-107,-113,-175,-18,-303,-305,-311,-304,-297,-289,-366,-362,-321,-141,-320,-314,-296,-316,-398,-417,-402,-391,-392,-382,-489,-450,-1178,-1172,-29991,-29992,-29992,-29993,-29993,-29994,-29994,-29995]} 1. e4 e5 2. Nf3 Nc6 3. Bc4 Bc5 4. c3 Nf6 5. d3 a6 6. O-O d6 7. a4 {C54: Giuoco Piano: 4 c3 Nf6, main lines with 5 d4 and 5 d3} Ba7 8. h3 h6 9. Re1 g5 {[%cal Bg7g5,Bg5g4][%mdl 32] LiveBook: 6 Games} 10. Be3 ({White should play} 10. Nh2 $11) 10... g4 11. Nh4 $146 ({Predecessor:} 11. hxg4 Bxg4 12. Bxa7 Rxa7 13. Nbd2 {0-1 (37) Tan,J (2466)-Naroditsky,D (2619) chess.com INT 2018}) 11... Bxe3 12. Rxe3 Nxe4 13. Rxe4 Qxh4 14. hxg4 Be6 (14... h5 $15 15. gxh5 Qxh5 16. Qxh5 Rxh5) 15. Bxe6 $11 fxe6 16. Nd2 O-O-O 17. b4 d5 18. Re3 e4 19. dxe4 d4 20. cxd4 Rxd4 {[#]} (20... Nxd4 $11 21. g3 Qg5) 21. Qe2 $2 (21. b5 $1 $16 {[%cal Rb5c6] is forced if you want to stay better.} Ne5 22. Qe2) 21... Rxb4 $17 22. Rc1 Nd4 ({Much weaker is} 22... Rxa4 23. Nb3 $11) 23. Qd3 Rd8 $36 {[%mdl 2048] And now ...Nb3 would win. Black is more active.} ({But not} 23... Rxa4 $2 24. Nc4 $18) 24. Qc3 {[%csl Gc1][%cal Rc3c7]} Qe7 25. e5 Kb8 26. Ne4 $1 a5 27. Nc5 Rd5 28. g3 Rb6 {Threatens to win with ...Rc6.} 29. Nd3 {[#]} ({Not} 29. Qxa5 $2 Rc6 $19) (29. Qa3 $17 Kc8 30. Kg2) 29... Rb3 (29... Rc6 $1 $19 {[%cal Rc6c3]} 30. Qb2 Qd7) 30. Qe1 Qa3 31. Ra1 Qf8 {aiming for ...Nc2.} 32. Nf4 (32. Qd1 $17 {was called for.}) 32... Rxe5 $2 (32... Nc2 $19 33. Rxb3 Nxe1 34. Nxd5 Nf3+ {[%mdl 64] Double Attack} 35. Kg2 Nxe5) 33. Rxe5 $4 {[%mdl 8192]} (33. Qd1 $11 {and White stays safe.} Rexe3 34. fxe3) 33... Nf3+ $19 {[%mdl 64] Double Attack} 34. Kg2 Nxe1+ 35. Raxe1 Qg8 36. g5 hxg5 37. Nxe6 Qg6 (37... Rb2 $19 {and Black stays clearly on top. White must now prevent ...Qf7.} 38. Rf5 Qh7 39. Rf8+ Ka7 40. Nxg5 Qd7) 38. Rxa5 $2 (38. Nd4 $17 {was the only chance.} Rb4 39. Re8+ Ka7 40. Nb5+ Rxb5 41. axb5) 38... g4 39. Rc5 c6 40. Rg5 Qf6 41. Rg8+ Ka7 42. Nf4 Qc3 43. Re3 Qc4 44. Ree8 (44. Rxb3 $142 Qxg8 45. Re3) 44... Rb1 {( -> ...Qf1+)} 45. Ra8+ Kb6 {Black mates.} 46. a5+ Kb5 47. Rg5+ c5 48. Rxc5+ Qxc5 {Accuracy: White = 40%, Black = 57%.} 0-1

[Event "17th Asian Continental-ch Open 2018"]
[Site "Makati City"]
[Date "2018.12.10"]
[Round "1.7"]
[White "Ni, Hua"]
[Black "Dimakiling, Oliver"]
[Result "1-0"]
[WhiteElo "2683"]
[BlackElo "2434"]
[Annotator "TA"]
[PlyCount "127"]
[EventDate "2018.12.07"]
[EventType "swiss"]
[EventRounds "9"]
[EventCountry "PHI"]

{[%evp 20,127,54,44,74,64,63,65,77,91,127,122,117,122,148,153,139,150,238,232,314,316,289,254,228,129,129,128,133,121,173,181,194,166,169,161,133,112,120,115,113,123,117,114,134,93,147,101,162,162,158,162,162,158,162,97,132,80,156,160,148,92,131,129,154,90,110,110,144,132,165,157,149,136,150,65,64,64,72,12,362,315,352,345,435,410,682,667,792,469,2094,1843,29976,29977,29972,4382,3238,3615,29966,29968,29969,29969,29981,29982,29985,29986,29986,29987,29987,29988]} 1. d4 Nf6 2. c4 e6 3. g3 Bb4+ 4. Bd2 Bxd2+ 5. Qxd2 O-O 6. Bg2 d6 7. Nf3 Qe7 8. Nc3 Nbd7 9. O-O c6 10. e4 e5 11. Nh4 {LiveBook: 3 Games. E11: Bogo-Indian} (11. Rad1 Nb6 12. b3 Bg4 13. h3 Bxf3 14. Bxf3 a5 15. Qe3 Nbd7 16. Bg4 Rfe8 17. Bxd7 Qxd7 18. Kg2 Qc7 {½-½ (29) Matlakov,M (2490)-Nguyen,N (2567) Vung Tau 2008}) 11... g6 12. f4 $146 ({Predecessor:} 12. Rad1 Ne8 13. Qe1 Ng7 14. f4 f6 15. b3 Re8 16. Rd2 Nf8 17. fxe5 fxe5 18. d5 c5 {1-0 (33) Avrukh,B (2430)-Backlund,A (2185) Zagan 1995}) 12... exd4 13. Qxd4 {White is slightly better.} Nc5 14. Rad1 Ne8 15. b4 Ne6 16. Qf2 a5 17. b5 Bd7 18. Rfe1 cxb5 (18... Rd8 $16 19. Nf5 Qf6) 19. cxb5 $18 Rc8 20. Nd5 Qd8 21. f5 Bxb5 22. Qb6 (22. fxe6 $18 fxe6 23. Qb2) 22... N6c7 $16 23. Nxc7 $1 ({But not} 23. Qxa5 $6 Nxd5 24. Qxd8 Rxd8 $11) 23... Nxc7 24. Rxd6 Na8 (24... Qe7 $16) 25. Qd4 $18 ({Don't play} 25. Rxd8 $6 Nxb6 26. Rxc8 Rxc8 $11) 25... Qc7 26. e5 {[%cal Rf5g6]} Qc3 27. Qxc3 Rxc3 28. Bxb7 {[%cal Rf5g6]} gxf5 29. Nxf5 Nc7 30. Nd4 Rb8 31. Be4 {Hoping for Rb1.} Ba4 32. Re2 h5 (32... Rc4 $142) 33. Kf2 Bd1 (33... Rc5 $16) 34. Rd2 Bg4 35. Rc6 Rxc6 36. Nxc6 Rb5 37. Ke3 (37. Bd3 $18 Rc5 38. Rc2) 37... Kg7 38. Rc2 ({Better is} 38. Bd3 $1 {[%cal Rd3b5]} Rd5 39. Ke4) 38... Ne6 {[#]} ({Black should try} 38... Rb1) 39. Bd3 $1 $16 {[%cal Rd3b5]} Rd5 40. Rc3 (40. Bc4 $142 Rc5 41. Bb3) 40... a4 41. Bc2 Nc5 42. a3 (42. Nb4 $142 Rxe5+ 43. Kd4 {[%mdl 64] Double Attack}) 42... Be6 43. Rc4 Nd7 44. Rxa4 Rc5 45. Be4 Rc1 {Threatens to win with ...Nc5.} 46. Kd2 Rf1 {intending ...Nc5.} 47. Ra8 (47. Ra5 $16) 47... Rf2+ $14 48. Ke3 Rxh2 49. Nd4 ({White should play} 49. Ra5 $16) 49... Bg4 $2 {[%mdl 8192] [#]} (49... Nxe5 $11 50. Ra7 (50. Nxe6+ fxe6 51. a4 Ra2 $11) 50... Kf6) 50. e6 $1 $18 {[%mdl 512]} fxe6 51. Ra7 e5 52. Nf3 Rg2 (52... Ra2 $142 53. Nxe5 Rxa3+ 54. Rxa3 Nxe5) 53. Nxe5 $1 {[%mdl 64] Discovered Attack} Rxg3+ 54. Kf4 Rc3 (54... Rg1 $142 55. Nxg4 hxg4 56. Rxd7+ Kf6 57. Rd6+ Ke7) 55. Nxd7 Bxd7 56. Rxd7+ {[%mdl 4096] Endgame KRB-KR} Kf6 57. Rd3 (57. a4 $142 Ra3 58. Bc6 Ke6 59. Rh7 Kd6 60. Be8 h4 61. Rxh4 Kc5 62. Bd7) 57... Rc4 58. Rd6+ Ke7 59. Ra6 {White mates.} h4 60. Ke5 Rc3 61. Ra7+ Kd8 62. Kd6 Ke8 63. Bd5 Kf8 64. Rf7+ {Accuracy: White = 63%, Black = 42%.} 1-0

[Event "17th Asian Continental-ch Open 2018"]
[Site "Makati City"]
[Date "2018.12.10"]
[Round "1.8"]
[White "Antonio, Rogelio Jr"]
[Black "Sethuraman, S.P."]
[Result "0-1"]
[WhiteElo "2431"]
[BlackElo "2664"]
[PlyCount "72"]
[EventDate "2018.12.07"]
[EventType "swiss"]
[EventRounds "9"]
[EventCountry "PHI"]
[TimeControl "40/5400+30:1800+30"]

1. e4 g6 2. d4 Bg7 3. Be3 d6 4. Qd2 a6 5. f3 c5 6. Nc3 cxd4 7. Bxd4 Nf6 8. Nd5 Nbd7 9. a4 e5 10. Bc3 Nxd5 11. Qxd5 Nf6 12. Qd2 d5 13. Bb4 Be6 14. O-O-O Qd7 15. b3 Qc6 16. Qc3 Rc8 17. Qxc6+ Rxc6 18. exd5 Nxd5 19. Bd2 O-O 20. Bd3 b5 21. axb5 axb5 22. Bxb5 Ra8 23. Ne2 e4 24. c3 Rcc8 25. Ba4 exf3 26. gxf3 Nxc3 27. Nxc3 Bxc3 28. Bxc3 Rxc3+ 29. Kb2 Rxf3 30. Rc1 Rb8 31. Rc3 Rf2+ 32. Ka3 h5 33. Re3 Kg7 34. h3 Rd8 35. Bb5 Ra8+ 36. Ba4 Bd7 0-1

[Event "17th Asian Continental-ch Open 2018"]
[Site "Makati City"]
[Date "2018.12.10"]
[Round "1.9"]
[White "Nguyen, Ngoc Truong Son"]
[Black "Cuhendi, Sean Winshand"]
[Result "1-0"]
[WhiteElo "2641"]
[BlackElo "2429"]
[Annotator "TA"]
[PlyCount "75"]
[EventDate "2018.12.07"]
[EventType "swiss"]
[EventRounds "9"]
[EventCountry "PHI"]

{[%evp 28,75,64,54,75,68,58,43,44,0,0,0,10,8,53,47,47,42,137,79,68,66,54,67,73,72,70,72,133,94,85,85,139,21,114,85,131,54,53,0,0,0,0,0,48,59,230,0,414,-14]} 1. d4 Nf6 2. Nf3 g6 3. g3 Bg7 4. Bg2 O-O 5. O-O d6 6. c4 Nbd7 7. Nc3 e5 8. e4 exd4 9. Nxd4 Re8 10. h3 a6 11. Be3 Rb8 12. a4 Nc5 13. Qc2 {E68: King's Indian: Fianchetto: 6...Nbd7 7 0-0 e5 8 e4} a5 (13... Qe7 14. Rfe1 Nfxe4 15. Nxe4 Nxe4 16. Bxe4 Qxe4 17. Bd2 Qxe1+ 18. Rxe1 Rxe1+ 19. Bxe1 Bxd4 20. Qe4 Be5 {½-½ (42) Caruana,F (2770)-Berg,E (2587) Malmo 2012}) 14. Rad1 Bd7 15. Rfe1 {LiveBook: 6 Games. White is slightly better.} Qc8 16. g4 $146 {[%cal Bg3g4,Bg4g5][%mdl 32]} ({Predecessor:} 16. Kh2 Re5 17. f3 Rh5 18. h4 h6 19. Kg1 Re5 20. Nde2 b6 {0-1 (69) Itkis,B (2470)-Borge,N (2455) Yerevan 1996}) 16... h5 17. g5 Nh7 18. h4 Bh3 19. f3 Bxg2 20. Kxg2 Nf8 21. Ndb5 Nfe6 22. Nd5 {Hoping for Ndxc7!} Be5 (22... b6 $14) 23. Bxc5 (23. Rf1 $142) 23... dxc5 $16 24. Na7 $1 {[%cal Ra7c8]} Qd8 {[#] And now ...Nd4 would win.} 25. Nf6+ $1 {[%mdl 512]} Bxf6 26. Rxd8 Bxd8 27. Nb5 $1 Be7 (27... c6 $142) 28. Qc1 c6 29. Nc3 Rbd8 {[#]} (29... f6 $142) 30. f4 (30. Ne2 $1 $16) 30... Rd7 (30... Rd4 $1 $11 {remains equal.}) 31. Rf1 Red8 32. Rf2 ({White should play} 32. Ne2 $16) 32... Bd6 $14 {[%cal Be7d6,Bd6c7,Bc7e5][%mdl 32]} 33. Kg1 ({Better is} 33. f5 $14 Nd4 34. Qe3) 33... Bc7 $11 34. f5 Nf8 35. Qe3 $36 {[%mdl 2048] White is pushing.} Be5 {Threatens to win with ...Bd4.} 36. Ne2 Rd4 $2 (36... Re8 $14) 37. Kg2 $2 (37. Nxd4 $18 Bxd4 38. Qb3) 37... b6 $2 {[%mdl 8192]} (37... Rxc4 $11 {and Black has nothing to worry.} 38. b3 Rc2) 38. Qb3 $2 {[%mdl 32768] Precision: White = 36%, Black = 28%. . Loss on Time!?} (38. Nxd4 $18 Bxd4 39. Qd3) 1-0